000
00223nam a22001217a 4500
040
_c
SK
082
_a
330
100
_a
NA
245
_a
Economic development america
260
_a
NA
_b
NA
_c
NA
300
_a
31p.
942
_c
EK
999
_c
9948
_d
9948